ʻAbqarīyat al-ʻAqqād /

محفوظ في:

المؤلف الرئيسي: Dīdī, ʻAbd al-Fattāḥ,‪ (مؤلف)

التنسيق: كتاب

اللغة: Arabic

منشور في: [al-Qāhirah] : [al-Dār al-Qawmīyah lil-Ṭibāʻah wa-al-Nashr], [1965].

سلاسل: Madhāhib wa-shakhṣīyāt ; 115.

الموضوعات:

الوسوم: إضافة وسم

لا توجد وسوم, كن أول من يضع وسما على هذه التسجيلة!

رقم الطلب: PJ7814 .Q6 Z63

LEADER 00985nam a22002417a 4500
003 OSt
005 20251221133227.0
008 251221t1965 ua ch 000 0 ara d
040 |c ARCE Library 
050 1 4 |a PJ7814 .Q6  |b Z63 
100 1 |6 880-01  |a Dīdī, ʻAbd al-Fattāḥ,‪  |e author 
245 1 0 |6 880-02  |a ʻAbqarīyat al-ʻAqqād /   |c bi-qalam ʻAbd al-Fattāḥ al-Dīdī. 
264 1 |a [al-Qāhirah] :   |b [al-Dār al-Qawmīyah lil-Ṭibāʻah wa-al-Nashr],   |c [1965]. 
300 |a 266 pages :  |b facsimiles, portraits ;  |c 24 cm. 
490 1 |a Madhāhib wa-shakhṣīyāt ;   |v 115. 
600 1 0 |a ʿAqqād, ʿAbbās Maḥmūd,  |d 1889-1964. 
650 0 |a Writers  |y 20th century.  |9 13677 
830 0 |a Madhāhib wa-shakhṣīyāt ;  |v 115. 
880 1 |6 100-01/(3/r  |a ديدي، عبد الفتاح‪‪‪‪‪‪‪‪‪‪‪‪‪‪ 
880 1 0 |6 245-02/(3/r  |a عبقرية العقاد   |c بقلم عبد الفتاح الديدى 
901 |a reviewed 
942 |c BK  |2 lcc 
999 |c 24993  |d 24993